First Space Encyclopedia (Record no. 609355)

000 -LEADER
fixed length control field 00329nam a22001337a 4500
020 ## - INTERNATIONAL STANDARD BOOK NUMBER
International Standard Book Number 9781465443434
040 ## - CATALOGING SOURCE
Transcribing agency NUST
082 ## - DEWEY DECIMAL CLASSIFICATION NUMBER
Classification number 520.3
Author Mark BIN
100 ## - MAIN ENTRY--PERSONAL NAME
Personal name Nandi, Ishani
9 (RLIN) 82272
245 ## - TITLE STATEMENT
Title First Space Encyclopedia
260 ## - PUBLICATION, DISTRIBUTION, ETC.
Place of publication, distribution, etc. USA:
Name of publisher, distributor, etc. Sarah Larter,
Date of publication, distribution, etc. 2016.
650 ## - SUBJECT ADDED ENTRY--TOPICAL TERM
Topical term or geographic name entry element First Space Encyclopedia
9 (RLIN) 123018
942 ## - ADDED ENTRY ELEMENTS (KOHA)
Source of classification or shelving scheme
Koha item type Book
Holdings
Withdrawn status Lost status Source of classification or shelving scheme Damaged status Not for loan Permanent Location Current Location Date acquired Total Checkouts Full call number Barcode Date last seen Price effective from Koha item type
          College of Electrical & Mechanical Engineering (CEME) College of Electrical & Mechanical Engineering (CEME) 05/29/2024   520.3 BIN CEME- 50500 05/29/2024 05/29/2024 Book
© 2023 Central Library, National University of Sciences and Technology. All Rights Reserved.